Miasta w Polsce z końcówką "-ko" - Nagła Śmierć - Statystyki

Ogólne statystyki
  • Ten quiz został rozwiązany 109 razy
  • Średni wynik to 8 z 21
Answers on the Grid
Answers color-coded by a green-red scale on the quiz's grid according to % correct below.
Balcko
Brzesko
Busko
Czerwieńsko
Drezdenko
Dubiecko
Gielniowsko
Giżycko
Hucisko
Ińsko
Jedlnia-Letnisko
Kalsko
Karasko
Kłecko
Kłodzko
Lesko
Lipsko
Lubsko
Miastko
Mieścisko
Mokrsko
Morsko
Nisko
Nowe Brzesko
Nowe Miasteczko
Nowe Rasko
Obrzycko
Olecko
Palenisko
Panisko
Pastoko
Pomiechówko
Radomsko
Raskarówko
Resko
Rogusko
Rusko
Szare Oko
Tolkmicko
Turówko
 
Statystyki odpowiedzi
Odpowiedź % Poprawnych
Brzesko
83%
Giżycko
63%
Drezdenko
59%
Radomsko
51%
Kłodzko
49%
Lesko
46%
Lipsko
44%
Olecko
44%
Miastko
39%
Nisko
39%
Nowe Brzesko
34%
Dubiecko
32%
Kłecko
32%
Nowe Miasteczko
32%
Jedlnia-Letnisko
29%
Lubsko
29%
Tolkmicko
27%
Resko
24%
Ińsko
22%
Mieścisko
22%
Obrzycko
22%
Nie znaleziono quizów pasujących do podanych kryteriów
Rozkład punktacji
Procent ludzi z każdym wynikiem
Percentyl według liczby udzielonych odpowiedzi
Twoja historia wyników
Nie rozwiązałeś tego quizu